000 00393nam a22001697a 4500
003 MPLRDC
005 20220104143804.0
008 210129b ||||| |||| 00| 0 eng d
020 _a962-993-064-1
082 _a848.3 CL v.47
100 _a蔡澜著
245 _a呐喊旁徨
_c
260 _a
_b天地图书
_c2000
300 _b
650 _a现代别集
942 _cBK
_o848.3 CL v.47
999 _c43344
_d43334